Malenadina kathegalu (Record no. 112801)

MARC details
000 -LEADER
fixed length control field 00639nam a2200205Ia 4500
003 - CONTROL NUMBER IDENTIFIER
control field OSt
005 - DATE AND TIME OF LATEST TRANSACTION
control field 20250830100437.0
008 - FIXED-LENGTH DATA ELEMENTS--GENERAL INFORMATION
fixed length control field 210210b1977 xxu||||| |||| 00| 0 eng d
040 ## - CATALOGING SOURCE
Transcribing agency AL
041 ## - LANGUAGE CODE
Language code of text/sound track or separate title Kannada
082 ## - DEWEY DECIMAL CLASSIFICATION NUMBER
Classification number K894.301 RAMM
100 ## - MAIN ENTRY--PERSONAL NAME
Personal name RAMASVAMI (S)
9 (RLIN) 166596
Dates associated with a name ರಾಮಸ್ವಾಮಿ (ಎಸ್)
245 ## - TITLE STATEMENT
Title Malenadina kathegalu
Remainder of title ಮಲೆನಾಡಿನ ಕಥೆಗಳು
260 ## - PUBLICATION, DISTRIBUTION, ETC.
Place of publication, distribution, etc. Shivamogga
Name of publisher, distributor, etc. Parisara Sahitya Prakashana
Date of publication, distribution, etc. 1977
300 ## - PHYSICAL DESCRIPTION
Extent xiv,391
690 ## - LOCAL SUBJECT ADDED ENTRY--TOPICAL TERM (OCLC, RLIN)
Topical term or geographic name as entry element Kannada Fiction
9 (RLIN) 166598
700 ## - ADDED ENTRY--PERSONAL NAME
Personal name NATARAJ (M B)
Dates associated with a name ನಟರಾಜ್ (ಎಂ ಬಿ )
9 (RLIN) 237969
906 ## - LOCAL DATA ELEMENT F, LDF (RLIN)
a SG01320
942 ## - ADDED ENTRY ELEMENTS (KOHA)
Source of classification or shelving scheme Dewey Decimal Classification
Koha item type Special Grants
Holdings
Withdrawn status Lost status Source of classification or shelving scheme Damaged status Not for loan Collection code Home library Current library Shelving location Date acquired Source of acquisition Cost, normal purchase price Total Checkouts Full call number Barcode Date last seen Price effective from Koha item type
    Dewey Decimal Classification     Kannada St Aloysius Library St Aloysius Library   02/17/2021 Athree Book Centre, Mangalore-01. 0.00   K894.301 RAMM SG01320 02/17/2021 02/17/2021 Special Grants